000 00536nam a2200181 a 4500
005 20140310183143.0
008 020823s19uu xx 00 eng d
020 _a0130279501
050 _aHF 5549
_b.G6923 2001
100 _aGreer, Charles R.
245 _aStrategic human resource management :
_ba general managerial approach /
_cCharles R. Greer.
260 _aNew Jersey :
_bPrentice Hall,
_c2001.
300 _a348 p. :
_c22 cm.
521 _aBSBA
650 _aPersonnel management
942 _cBK
_2lcc
_kFOR
999 _c19446
_d19446